| 000 | 00455cam a2200181 4500 | ||
|---|---|---|---|
| 001 | D7324 | ||
| 008 | 090401t1977 xxu||||| |||| 00| 0 eng d | ||
| 035 | _a(Sirsi) u6667 | ||
| 041 | _aeng | ||
| 050 | _a690.24 | ||
| 110 |
_aNational Building Agency _9598 |
||
| 245 | _aMaintenance procedures for housing associations | ||
| 260 |
_aLondon _bNational Building Agency _c1977 |
||
| 300 | _a66p. 30cm | ||
| 350 | _a0.5 | ||
| 942 | _n0 | ||
| 948 | _c04/03/1997 | ||
| 999 |
_c86334 _d86334 |
||